Central Library and Information Centre
Sibsagar Girls' College, Sivasagar : Assam

MICRO ECONOMIC THEORY (Record no. 8520)

MARC details
000 -LEADER
fixed length control field 00413cam a2200181ua 4500
008 - FIXED-LENGTH DATA ELEMENTS--GENERAL INFORMATION
fixed length control field 170322n II |||gr||||Z||||||eng
040 ## - CATALOGING SOURCE
Original cataloging agency MAIN
041 ## - LANGUAGE CODE
-- English
082 ## - DEWEY DECIMAL CLASSIFICATION NUMBER
Classification number 338.5 JHI
100 ## - MAIN ENTRY--PERSONAL NAME
Personal name JHINGAN , M.L .
245 ## - TITLE STATEMENT
Title MICRO ECONOMIC THEORY
260 ## - PUBLICATION, DISTRIBUTION, ETC.
Place of publication, distribution, etc. [s.l:
Name of publisher, distributor, etc. s.n.]
Date of publication, distribution, etc. 1985.
300 ## - PHYSICAL DESCRIPTION
Extent 743.
700 ## - ADDED ENTRY--PERSONAL NAME
Personal name JHINGAN , M.L .,
Relator term AUTHOR.
942 ## - ADDED ENTRY ELEMENTS (KOHA)
Koha item type Books
653 ## - INDEX TERM--UNCONTROLLED
Uncontrolled term Micro Economics
Holdings
Withdrawn status Lost status Damaged status Not for loan Collection code Home library Current library Shelving location Date acquired Full call number Barcode Date last seen Copy number Price effective from Koha item type Public note
        TBECO Central Library and Information Centre Sibsagar Girls College Central Library and Information Centre Sibsagar Girls College ECONOMICS BOOK RACK 20.04.1983 338.5 JHI 07748 27.02.2020 1 27.02.2020 Books V
Withdrawn       TBECO Central Library and Information Centre Sibsagar Girls College Central Library and Information Centre Sibsagar Girls College Withdraw items 20.04.1983 338.5 JHI 07749 27.02.2020 2 27.02.2020 Books V


Sibsagar Girl's College © 2020. All rights reserved.
Powered by Koha.
Maintained by Abhijit Borpuzari.